Педагогическое мастерство и современные педагогические технологии (Запись № 12255897)

Подробности
000 -МАРКЕР
контрольное поле 03125nam0a2200421 4500
001 - ИДЕНТИФИКАТОР ЗАПИСИ
контрольное поле RU\NLR\BIBL_A\012174334
005 - ИДЕНТИФИКАТОР ВЕРСИИ
контрольное поле 20200130152108.0
010 ## - МЕЖДУНАРОДНЫЙ СТАНДАРТНЫЙ НОМЕР КНИГИ (ISBN)
Номер (ISBN) 978-5-6043527-0-0
Тираж 500
021 ## - НОМЕР ГОСУДАРСТВЕННОЙ РЕГИСТРАЦИИ
Код страны Российская Федерация
Номер КН-П-19-092828
Номер Листа государственной регистраци КН-П-19-6797
035 ## - ДРУГИЕ СИСТЕМНЫЕ НОМЕРА
Идентификатор записи (NLR Aleph) 012174334
035 ## - ДРУГИЕ СИСТЕМНЫЕ НОМЕРА
Идентификатор записи (RuMoRGB)010185811
100 ## - ДАННЫЕ ОБЩЕЙ ОБРАБОТКИ
Данные общей обработки 20191227d2019 k y0rusy50 ca
101 0# - ЯЗЫК РЕСУРСА
Язык текста, звукозаписи и т.д. русский
-- английский
102 ## - СТРАНА ПУБЛИКАЦИИ ИЛИ ПРОИЗВОДСТВА
Страна публикации Российская Федерация
105 ## - ПОЛЕ КОДИРОВАННЫХ ДАННЫХ: ТЕКСТОВЫЕ МАТЕРИАЛЫ, МОНОГРАФИЧЕСКИЕ
Кодированные данные о монографическом текстовом документе ac||z|||000zy
200 1# - ЗАГЛАВИЕ И СВЕДЕНИЯ ОБ ОТВЕТСТВЕННОСТИ
Основное заглавие Педагогическое мастерство и современные педагогические технологии
Сведения, относящиеся к заглавию сборник материалов X Международной научно-практической конференции, Чебоксары, 20 сентября 2019 г.
Первые сведения об ответственности Федеральное государственное бюджетное образовательное учреждение высшего образования "Чувашский государственный университет им. И. Н. Ульянова", Актюбинский региональный государственный университет имени К. Жубанова, [Интерактив плюс Центр научногго сотрудничества
Последующие сведения об ответственности редакционная коллегия: ... Яковлева Татьяна Валериановна, ответственный редактор и др.]
210 ## - ПУБЛИКАЦИЯ, РАСПРОСТРАНЕНИЕ И ДР.
Место издания, распространения и т.д. Чебоксары
Имя издателя, распространителя и т. д. Интерактив плюс
Дата издания, распространения и т.д. 2019
215 ## - ФИЗИЧЕСКАЯ ХАРАКТЕРИСТИКА
Специфическое обозначение материала и объем 195 с.
Другие сведения о физической характеристике ил., портр., табл.
Размеры 20
300 ## - ОБЩИЕ ПРИМЕЧАНИЯ
Текст примечания Часть текста англ.
320 ## - ПРИМЕЧАНИЯ О НАЛИЧИИ В ДОКУМЕНТЕ БИБЛИОГРАФИИ / УКАЗАТЕЛЯ
Текст примечания Библиогр. в конце ст.
606 1# - НАИМЕНОВАНИЕ ТЕМЫ КАК ПРЕДМЕТ
Наименование темы Педагогическое мастерство
Формальный подзаголовок Съезды, совещания и т.п
Системный номер авторитетной/нормативной записи 1407039
Идентификатор авторитетной/нормативной записи RU\NLR\AUTH\66592579
606 1# - НАИМЕНОВАНИЕ ТЕМЫ КАК ПРЕДМЕТ
Наименование темы Педагогические технологии
Формальный подзаголовок Съезды, совещания и т.п
Системный номер авторитетной/нормативной записи 2076378
Идентификатор авторитетной/нормативной записи RU\NLR\AUTH\661251519
610 0# - НЕКОНТРОЛИРУЕМЫЕ ПРЕДМЕТНЫЕ ТЕРМИНЫ
Предметный термин образование
610 0# - НЕКОНТРОЛИРУЕМЫЕ ПРЕДМЕТНЫЕ ТЕРМИНЫ
Предметный термин обучение
610 0# - НЕКОНТРОЛИРУЕМЫЕ ПРЕДМЕТНЫЕ ТЕРМИНЫ
Предметный термин педагогика
686 1# - ИНДЕКСЫ ДРУГИХ КЛАССИФИКАЦИЙ
Индекс Ч312я431
686 1# - ИНДЕКСЫ ДРУГИХ КЛАССИФИКАЦИЙ
Индекс Ч314.2я431
702 #1 - ИМЯ ЛИЦА - ВТОРИЧНАЯ ОТВЕТСТВЕННОСТЬ
Код отношения Редактор
Начальный элемент ввода Яковлева
Часть имени, кроме начального элемента ввода Т. В.
Дополнения к именам, кроме дат специалист в обл. образования
Расширение инициалов личного имени Татьяна Валериановна
Системный номер авторитетной/нормативной записи 132337
Идентификатор авторитетной/нормативной записи RU\NLR\AUTH\770132371
711 12 - НАИМЕНОВАНИЕ ОРГАНИЗАЦИИ - АЛЬТЕРНАТИВНАЯ ОТВЕТСТВЕННОСТЬ
Начальный элемент ввода "Педагогическое мастерство и современные педагогические технологии", международная научно-практическая конференция
Порядковый номер временной организации и / или порядковый номер ее части 10
Место проведения временной организации Чебоксары
Дата проведения временной организации 2019
Системный номер авторитетной/нормативной записи 691721
Идентификатор авторитетной/нормативной записи RU\NLR\AUTH\880515556
712 02 - НАИМЕНОВАНИЕ ОРГАНИЗАЦИИ - ВТОРИЧНАЯ ОТВЕТСТВЕННОСТЬ
Код отношения Прочие
Начальный элемент ввода Чувашский государственный университет им. И. Н. Ульянова
Идентифицирующий признак Чебоксары
Системный номер авторитетной/нормативной записи 301657
Идентификатор авторитетной/нормативной записи RU\NLR\AUTH\8814249
712 02 - НАИМЕНОВАНИЕ ОРГАНИЗАЦИИ - ВТОРИЧНАЯ ОТВЕТСТВЕННОСТЬ
Код отношения Прочие
Начальный элемент ввода Актюбинский региональный государственный университет им. К. Жубанова
Системный номер авторитетной/нормативной записи 632502
Идентификатор авторитетной/нормативной записи RU\NLR\AUTH\880486045
942 ## - ДОПОЛНИТЕЛЬНЫЕ ЭЛЕМЕНТЫ ЗАПИСИ (АБИС)
Тип экземпляра АБИС Книга
980 ## - КОЛЛЕКЦИЯ
Название коллекции НБР
980 ## - КОЛЛЕКЦИЯ
Название коллекции Национальная библиография

Нет доступных экземпляров.